| 000 | 00612nam a22002057a 4500 | ||
|---|---|---|---|
| 999 |
_c21350 _d21350 |
||
| 003 | AR-CdUCM | ||
| 008 | 190313b ||||| |||| 00| 0 spa d | ||
| 040 |
_aMUNICIPALIDAD PROVINCIAL DEL CUSCO _cBIBLIOTECA MUNICIPAL DEL CUSCO |
||
| 082 |
_aES/869.56/F89 _bF89 |
||
| 100 |
_aFuentes Pastor, Hélard _944505 |
||
| 245 | _aViaje al interior / | ||
| 260 |
_aArequipa ; _bTexao, _c2016. |
||
| 300 |
_a84 Páginas ; _c20 cm. |
||
| 650 |
_aLiteratura arequipeña _923979 |
||
| 650 |
_aNarrativa arequipeña _944508 |
||
| 650 |
_aSiglo XXI _944519 |
||
| 650 |
_aPerú _944517 |
||
| 942 |
_2ddc _cLIBROS |
||
| 945 | _aRoel | ||